| 000 | 00725cam a22001935a 4500 | ||
|---|---|---|---|
| 001 | J110457 | ||
| 008 | 071120s2000 xxk a g 000 0deng u | ||
| 035 | _a(Sirsi) u110457 | ||
| 050 | 0 | 4 | _a920 $2 18 |
| 100 | 1 | _aProctor, Molly G. | |
| 245 | 0 | 0 |
_aDay after Day _bWm. Day & Sons in Maidstone, from early 19th century broker/auctioneer to late 20th century chartered surveyors auctioneers & estate agents |
| 260 |
_aMaidstone _bprinted by Modern Press Ltd. _c2000 |
||
| 300 |
_a126p. _bill. _c21cm. |
||
| 520 | _aAn account of the history of the Maidstone auctioneers William Day and Sons. | ||
| 610 | 2 | 4 |
_aWilliam Day and Sons _95457 |
| 651 | 4 | _aKent | |
| 690 | _aABOUT RICS-RICS MEMBERS-CHARTERED SURVEYORS | ||
| 942 | _n0 | ||
| 999 |
_c101100 _d101100 |
||